Actor's Movies Tile Select #1 - Statistics

General Stats
  • This quiz has been taken 101 times
  • The average score is 26 of 45
Answer Stats
Question Tile Select % Correct
Chris Hemsworth Movies Thor: Ragnarok Yes
96%
Hugh Jackman Movies X-Men Yes
96%
Tom Hanks Movies Mamma Mia No
94%
Hugh Jackman Movies Night at the Museum No
94%
Chris Hemsworth Movies Men in Black 2 No
91%
Chris Hemsworth Movies Spider-Man: Homecoming No
91%
Tom Hanks Movies Julie and Julia No
86%
Hugh Jackman Movies Les Miserables Yes
85%
Ewan McGregor Movies Terminator 2: Judgement Day No
85%
Ewan McGregor Movies Fargo No
83%
Tom Hanks Movies Captain Phillips Yes
81%
Hugh Jackman Movies Night at the Museum: Battle of the Smithsonian No
79%
Chris Hemsworth Movies Captain Marvel No
74%
Tom Hanks Movies Saving Mr. Banks Yes
72%
Ewan McGregor Movies Big Fish Yes
68%
Ewan McGregor Movies Winnie the Pooh No
67%
Tom Hanks Movies Bridge of Spies Yes
64%
Ewan McGregor Movies Christopher Robin Yes
64%
Hugh Jackman Movies Real Steel Yes
64%
Jeremy Renner Movies The Hurt Locker Yes
64%
Jeremy Renner Movies Mission Impossible 3 No
62%
Jeremy Renner Movies Hansel and Gretel: Witch Hunters Yes
60%
Chris Hemsworth Movies Men in Black 3 No
60%
Tom Hanks Movies Buzz Lightyear of Star Command: The Adventure Begins No
59%
Hugh Jackman Movies Eddie the Eagle Yes
56%
Chris Hemsworth Movies Extraction Yes
54%
Chris Hemsworth Movies Ghostbusters Yes
50%
Ewan McGregor Movies Star Wars: The Last Jedi No
49%
Hugh Jackman Movies X-Men: Dark Phoenix No
42%
Jeremy Renner Movies Mission Impossible: Fallout No
41%
Tom Hanks Movies News of the World Yes
41%
Jeremy Renner Movies Tag Yes
41%
Chris Hemsworth Movies 12 Strong Yes
38%
Jeremy Renner Movies Black Widow Yes
38%
Hugh Jackman Movies Pan Yes
36%
Tom Hanks Movies Greyhound Yes
35%
Ewan McGregor Movies Birds of Prey Yes
33%
Jeremy Renner Movies Thor Yes
33%
Ewan McGregor Movies Beauty and the Beast Yes
29%
Jeremy Renner Movies Avengers: Infinity War No
28%
Ewan McGregor Movies Star Wars: The Clone Wars No
28%
Chris Hemsworth Movies Star Trek Into Darkness Yes
22%
Tom Hanks Movies Finch Yes
19%
Jeremy Renner Movies Arctic Dogs Yes
18%
Hugh Jackman Movies Bad Education Yes
15%
No matching quizzes found
Score Distribution
Percent of People with Each Score
Percentile by Number Answered
Your Score History
You have not taken this quiz